NBA Top 10 Sidekicks All-Time - Statistics

General Stats
  • This quiz has been taken 910 times
  • The average score is 7 of 13
Answer Stats
Player % Correct
Scottie Pippen
97%
Klay Thompson
74%
Kyrie Irving
71%
Tony Parker
65%
Kevin McHale
58%
Manu Ginóbili
54%
Chris Bosh
52%
James Worthy
49%
Pau Gasol
42%
Joe Dumars
39%
Sam Jones
25%
Kyle Lowry
15%
Shawn Marion
9%
No matching quizzes found
Score Distribution
Percent of People with Each Score
Percentile by Number Answered
Your Score History
You have not taken this quiz